01003nam a2200241Ia 4500003000400000005001700004008004100021020001800062040001800080041000800098082002300106100002700129245010700156250000600263260004100269300002800310650004600338650008500384650004600469942003500515999001900550952019200569OSt20260227112427.0210716s2017 xx 000 0 und d a9788126564644 cAIMIT LIBRARY aeng a658.4038011 bSIRP aSironi, Paolo.9257046 aFin tech innovation: bfrom robo advisors to goal based investing and gamification /cBy Paolo Sironi. a1 aNew DelhibWiley India Pvt Ltdc2017 axxi,157 p.;bHBc24 cm. aTransformation of the supply side9257047 aSocial and technology mega trends shape a new familyat taxable investors9257048 aTransformation of the supply side9257047 2ddccBKe1stk658.4038011 SIRP c195630d195630 00102ddc40708MCAaAIMITbAIMITcDSBISd2021-07-16eKnowledge Worldg899.00iBill no:318; Bill dt:2017-02-10l0o658.4038011 SIRPpMCA15141r2025-07-21 00:00:00v674.25w2021-07-16yBK